00452nam a2200157 a 450000100100000000500170001000800410002702000150006804000250008308200140010810000180012224000500014024500490019026000330023930000220027200003540220200930074321.0111031s1979 sp a 000 0 spa d a8428605211 aDO-SdBNPbspacBNPHU axxxbB1181 aBach, Richard10aThere´s no such place as far awaylespañol10aNingún lugar está lejos /cRichard Bach. aBarcelona :bPomaire,c1979. a[42 p.] ;c21 cm.